Bytový dom

Enregistré dans:
Détails bibliographiques
Auteur principal: Zarevúcka, Michaela (Auteur)
Autres auteurs: Bosák, Lukáš (Directeur de thèse)
Format: Manuscrit Livre
Langue:slovaque
Publié: 2021
Sujets:
Accès en ligne:http://is.stuba.sk/zp/portal_zp.pl?podrobnosti=144383
https://opac.crzp.sk/?fn=detailBiblioForm&sid=C5B0443D08DFEDB2320C0E49A386
Tags: Ajouter un tag
Pas de tags, Soyez le premier à ajouter un tag!

MARC

LEADER 00000ntm a22000003a 4500
001 stuzp85811
003 SK-STU
005 20230516092348.3
007 ta
008 150427s2015----xo-----f-mn---000-0-slo-d
040 |a STU  |b slo 
041 0 |a slo 
100 1 |a Zarevúcka, Michaela  |u 010180  |4 aut  |U SvF Stavebná fakulta  |T SvF Katedra konštrukcií pozemných stavieb  |X 93384  |U V180  |Y 18  |7 93384 
242 0 1 |a Apartment house  |y eng 
245 1 0 |a Bytový dom 
260 |c 2021 
650 4 |a bytový dom  |2 slo 
650 4 |a polyfunkcia  |2 slo 
650 4 |a realilzačný projekt  |2 slo 
650 4 |a apartment house  |2 eng 
650 4 |a polyfunction  |2 eng 
650 4 |a construction project  |2 eng 
700 1 |a Bosák, Lukáš  |u 010180  |k Z1  |4 ths  |U SvF Stavebná fakulta  |T SvF Katedra konštrukcií pozemných stavieb  |X 57762  |U V180  |Y 18  |7 A000057762 
856 4 |u http://is.stuba.sk/zp/portal_zp.pl?podrobnosti=144383 
856 4 |u https://opac.crzp.sk/?fn=detailBiblioForm&sid=C5B0443D08DFEDB2320C0E49A386